| 000 | 00367nam a22001457a 4500 | ||
|---|---|---|---|
| 020 | _qHB. | ||
| 040 | _cFIZZA ISHAQ | ||
| 082 |
_a158.2 _bMIK |
||
| 100 |
_aMD,MAGEE MIKE. _9133624 |
||
| 245 |
_aPOSITIVE LEADERSHIP / _cMIKE MAGEE,MD. |
||
| 250 | _a2ND ED. | ||
| 260 |
_aNEW YORK ; _bPfizer/Spencer Books. _c1995. |
||
| 300 |
_a132 P. ; _c7.9X5.5IN |
||
| 942 |
_2ddc _cBK |
||
| 999 |
_c616586 _d616586 |
||